[Event "Girona-ch"]
[Site "Girona"]
[Date "2012.03.09"]
[Round "9"]
[White "Colomer Camarasa, Jordi"]
[Black "Blasco Vidal, Joan"]
[Result "1/2-1/2"]
[WhiteElo "1925"]
[BlackElo "1697"]
[PlyCount "92"]
[EventDate "2012.01.13"]
[EventType "swiss"]
[EventRounds "9"]
[EventCountry "ESP"]
[SourceTitle "EXT 2013"]
[Source "ChessBase"]
[SourceDate "2012.11.22"]
[SourceVersion "1"]
[SourceVersionDate "2012.11.22"]
[SourceQuality "1"]

1. c4 c5 2. Nc3 Nc6 3. g3 g6 4. Bg2 Bg7 5. a3 d6 6. Rb1 Bd7 7. e3 Qc8 8. b4 b6 9. b5 Ne5 10. Qa4 a5 11. Nf3 Nd3+ 12. Ke2 Nxc1+ 13. Rbxc1 Rb8 14. Qc2 Bh3 15. Bxh3 Qxh3 16. Qe4 Qd7 17. Ne1 Nf6 18. Qf3 e6 19. Nd3 Qb7 20. Rb1 0-0 21. Qxb7 Rxb7 22. Nf4 Nd7 23. Ne4 Ne5 24. d3 Rd7 25. Nd2 d5 26. cxd5 exd5 27. Rhc1 d4 28. e4 Re8 29. Nd5 Rd6 30. Nf3 f5 31. Nxe5 Rxe5 32. f4 Re8 33. Nc7 Re7 34. e5 Rdd7 35. Na6 Rb7 36. Kd2 Re6 37. Kc2 Kf7 38. Kb3 Ree7 39. Kc4 Ke6 40. Rc2 Bf8 41. Rh1 Rf7 42. h3 a4 43. h4 h5 44. Re1 Rfd7 45. Rb1 Rd8 46. Rcb2 Rc8 1/2-1/2

[Event "Girona-ch"]
[Site "Girona"]
[Date "2012.02.24"]
[Round "7"]
[White "Colomer Camarasa, Jordi"]
[Black "Mas Recorda, Pere"]
[Result "0-1"]
[WhiteElo "1925"]
[BlackElo "2067"]
[PlyCount "68"]
[EventDate "2012.01.13"]
[EventType "swiss"]
[EventRounds "9"]
[EventCountry "ESP"]
[SourceTitle "EXT 2013"]
[Source "ChessBase"]
[SourceDate "2012.11.22"]
[SourceVersion "1"]
[SourceVersionDate "2012.11.22"]
[SourceQuality "1"]

1. b4 e5 2. Bb2 f6 3. b5 d5 4. e3 Bf5 5. Nf3 Bd6 6. Be2 Ne7 7. c4 c6 8. 0-0 0-0 9. Qb3 Nd7 10. d4 e4 11. Nh4 Be6 12. g3 g5 13. Ng2 f5 14. cxd5 cxd5 15. Nc3 Nf6 16. Ba3 Rc8 17. Bxd6 Qxd6 18. Rac1 Ng6 19. Na4 h6 20. Kh1 Kh8 21. h4 gxh4 22. gxh4 Ng4 23. Bxg4 fxg4 24. Nf4 Rxc1 25. Rxc1 Nxf4 26. exf4 Qxf4 27. Rc2 Qf6 28. Qg3 Qxd4 29. Rc6 Rxf2 30. Rc1 Rf3 31. Qb8+ Bg8 32. Qc7 Rh3+ 33. Kg2 Qd2+ 34. Kg1 Qe3+ 0-1

[Event "Girona-ch"]
[Site "Girona"]
[Date "2012.02.10"]
[Round "5"]
[White "Colomer Camarasa, Jordi"]
[Black "Serra Canals, Oriol"]
[Result "1-0"]
[WhiteElo "1925"]
[BlackElo "1686"]
[PlyCount "69"]
[EventDate "2012.01.13"]
[EventType "swiss"]
[EventRounds "9"]
[EventCountry "ESP"]
[SourceTitle "EXT 2013"]
[Source "ChessBase"]
[SourceDate "2012.11.22"]
[SourceVersion "1"]
[SourceVersionDate "2012.11.22"]
[SourceQuality "1"]

1. e4 e5 2. Bc4 Nf6 3. d3 Nc6 4. Nc3 Be7 5. Nf3 d6 6. 0-0 0-0 7. h3 Be6 8. Re1 Bxc4 9. dxc4 Nd7 10. Nd5 Nc5 11. b3 Ne6 12. c3 Kh8 13. Qd3 a5 14. Be3 Qd7 15. Rad1 g5 16. g3 f6 17. Qc2 h6 18. c5 Ng7 19. Nxe7 Nxe7 20. cxd6 cxd6 21. Kg2 Qc6 22. Bc1 f5 23. Ba3 Rf6 24. Nxe5 dxe5 25. Bxe7 Rf7 26. Rd6 Qc8 27. Rxh6+ Kg8 28. Bxg5 Qf8 29. Be3 f4 30. gxf4 exf4 31. Bd4 f3+ 32. Kh1 Qd8 33. Rg1 Qd7 34. e5 Kf8 35. Bc5+ 1-0

[Event "Girona-ch"]
[Site "Girona"]
[Date "2012.02.03"]
[Round "4"]
[White "Cobos Navarro, Francesco"]
[Black "Colomer Camarasa, Jordi"]
[Result "1-0"]
[WhiteElo "1962"]
[BlackElo "1925"]
[PlyCount "65"]
[EventDate "2012.01.13"]
[EventType "swiss"]
[EventRounds "9"]
[EventCountry "ESP"]
[SourceTitle "EXT 2013"]
[Source "ChessBase"]
[SourceDate "2012.11.22"]
[SourceVersion "1"]
[SourceVersionDate "2012.11.22"]
[SourceQuality "1"]

1. e4 c5 2. Nf3 a6 3. d4 cxd4 4. c3 d3 5. Bxd3 d6 6. 0-0 Nf6 7. h3 g6 8. Bg5 Bg7 9. Qd2 0-0 10. Bh6 Nbd7 11. Bxg7 Kxg7 12. c4 Nc5 13. Nc3 b6 14. Rae1 Bb7 15. Bc2 b5 16. b4 Ne6 17. cxb5 axb5 18. Bb3 Nc7 19. Nd4 d5 20. e5 Ne4 21. Qe3 Nxc3 22. Qxc3 e6 23. f4 Rc8 24. Qg3 f5 25. Rc1 Qd7 26. Kh2 Na6 27. a3 Nb8 28. Qh4 Ba6 29. Rxc8 Qxc8 30. Qe7+ Rf7 31. Qxe6 Qxe6 32. Nxe6+ Kh6 33. Rd1 1-0

[Event "Girona Provincial-ch"]
[Site "Girona"]
[Date "2011.12.11"]
[Round "9"]
[White "Pruja Ramirez de Cartagena, Eduardo"]
[Black "Colomer Camarasa, Jordi"]
[Result "0-1"]
[WhiteElo "1699"]
[BlackElo "1921"]
[PlyCount "104"]
[EventDate "2011.10.09"]
[EventType "swiss"]
[EventRounds "9"]
[EventCountry "ESP"]
[SourceTitle "EXT 2013"]
[Source "ChessBase"]
[SourceDate "2012.11.22"]
[SourceVersion "1"]
[SourceVersionDate "2012.11.22"]
[SourceQuality "1"]

1. e4 d6 2. d4 Nf6 3. Nc3 e5 4. dxe5 dxe5 5. Qxd8+ Kxd8 6. Nf3 Bd6 7. Bg5 c6 8. 0-0-0 Kc7 9. Bc4 Be6 10. Nd2 b5 11. Bxe6 fxe6 12. f3 Nbd7 13. Nb3 a5 14. a4 b4 15. Ne2 Nb6 16. Nd2 Nxa4 17. Nc4 Rhd8 18. f4 Be7 19. Nxe5 c5 20. Nd3 Re8 21. Ng3 h6 22. Bh4 Nd7 23. Bxe7 Rxe7 24. f5 e5 25. Nf2 Nf6 26. Rd2 Rd8 27. Rhd1 Rxd2 28. Rxd2 c4 29. b3 c3 30. Re2 Nc5 31. Nd3 Nxd3+ 32. cxd3 Rd7 33. Kc2 Rd8 34. Nf1 Nd7 35. Ne3 Nb6 36. Ng4 Re8 37. f6 gxf6 38. Nxh6 Rh8 39. Ng4 Nd7 40. h3 Kd6 41. Ne3 Ke6 42. Nc4 Ra8 43. g4 a4 44. bxa4 Rxa4 45. Re1 Nc5 46. Rb1 Ra2+ 47. Kd1 c2+ 48. Kc1 cxb1Q+ 49. Kxb1 Rh2 50. Ne3 Nxd3 51. Nf5 b3 52. h4 Rh1# 0-1

[Event "Girona Provincial-ch"]
[Site "Girona"]
[Date "2011.11.27"]
[Round "8"]
[White "Colomer Camarasa, Jordi"]
[Black "Diaz Munoz, Sergi"]
[Result "0-1"]
[WhiteElo "1921"]
[BlackElo "2040"]
[PlyCount "98"]
[EventDate "2011.10.09"]
[EventType "swiss"]
[EventRounds "9"]
[EventCountry "ESP"]
[SourceTitle "EXT 2013"]
[Source "ChessBase"]
[SourceDate "2012.11.22"]
[SourceVersion "1"]
[SourceVersionDate "2012.11.22"]
[SourceQuality "1"]

1. c4 e5 2. Nc3 Nf6 3. g3 d5 4. cxd5 Nxd5 5. Bg2 c6 6. Qb3 Nxc3 7. bxc3 Qb6 8. Nf3 Be6 9. Qxb6 axb6 10. Nxe5 Rxa2 11. Rxa2 Bxa2 12. 0-0 Bd6 13. Nf3 0-0 14. Bb2 Na6 15. Ra1 Bd5 16. Nd4 Bxg2 17. Kxg2 Ra8 18. Nf5 Bf8 19. c4 g6 20. Ne3 b5 21. cxb5 cxb5 22. Nd5 f5 23. Nf6+ Kg7 24. Nd7+ Kf7 25. Nxf8 Rxf8 26. Ra5 b4 27. Rb5 Ke6 28. Rxb7 Rb8 29. Rxb8 Nxb8 30. Kf3 Kd5 31. d3 Nd7 32. Ke3 Kc5 33. Kd2 Kb5 34. Kc2 g5 35. e4 fxe4 36. dxe4 g4 37. e5 Nf8 38. Kb3 Ne6 39. Bc1 Nc5+ 40. Kc2 Kc4 41. Bb2 b3+ 42. Kb1 Kd5 43. Bc3 Nd3 44. Ka1 Nxe5 45. Kb2 Nd3+ 46. Kxb3 Nxf2 47. Bd2 Nd3 48. Bg5 Ke4 49. Kc3 Ne5 0-1

[Event "Girona op 2nd"]
[Site "Girona"]
[Date "2011.07.18"]
[Round "5"]
[White "Torrent Lagresa, Josep M"]
[Black "Colomer Camarasa, Jordi"]
[Result "0-1"]
[WhiteElo "1662"]
[BlackElo "1947"]
[PlyCount "86"]
[EventDate "2011.07.14"]
[EventType "swiss"]
[EventRounds "9"]
[EventCountry "ESP"]
[SourceTitle "CBM 143 Extra"]
[Source "ChessBase"]
[SourceDate "2011.08.29"]
[SourceVersion "1"]
[SourceVersionDate "2011.08.29"]
[SourceQuality "1"]

1. e4 c6 2. d4 g6 3. Nf3 d5 4. e5 Bg4 5. Nbd2 Bg7 6. Nb3 Nd7 7. h3 Bxf3 8. Qxf3 f6 9. c4 e6 10. exf6 Ngxf6 11. Bd3 0-0 12. Qe2 e5 13. dxe5 Nxe5 14. 0-0 Nxd3 15. Qxd3 dxc4 16. Qxc4+ Qd5 17. Qb4 Rf7 18. Be3 a5 19. Qc5 a4 20. Rad1 Qxc5 21. Nxc5 Nd5 22. Bd4 b6 23. Bxg7 Kxg7 24. Nd3 Re7 25. Rfe1 Rae8 26. Kf1 Kf6 27. Rxe7 Rxe7 28. Re1 Rxe1+ 29. Kxe1 Kf5 30. Kd2 Ke4 31. f3+ Kd4 32. h4 c5 33. g4 c4 34. Nc1 Nf4 35. g5 b5 36. Ne2+ Nxe2 37. Kxe2 b4 38. f4 Ke4 39. f5 Kxf5 40. a3 b3 41. Kd2 Kg4 42. Kc3 Kxh4 43. Kxc4 Kxg5 0-1

[Event "Catalunya Vilanova Salt 35th"]
[Site "Salt"]
[Date "2009.06.12"]
[Round "8.4"]
[White "Colomer Camarasa, Jordi"]
[Black "Rex, Torsten Claus"]
[Result "1-0"]
[WhiteElo "1939"]
[BlackElo "2035"]
[PlyCount "109"]
[EventDate "2009.04.17"]
[EventType "swiss"]
[EventRounds "9"]
[EventCountry "ESP"]
[SourceTitle "EXT 2024"]
[Source "ChessBase"]
[SourceDate "2023.10.10"]
[SourceVersion "1"]
[SourceVersionDate "2023.10.10"]
[SourceQuality "1"]

1. e4 c5 2. Nf3 Nc6 3. d4 cxd4 4. Nxd4 Nf6 5. Nc3 d6 6. f3 g6 7. Be3 Bg7 8. Qd2 0-0 9. Bc4 Bd7 10. 0-0-0 Rc8 11. Bb3 Ne5 12. h4 Nc4 13. Bxc4 Rxc4 14. Kb1 a6 15. h5 b5 16. hxg6 fxg6 17. b3 Rc8 18. Nde2 b4 19. Nd5 Be6 20. Nxf6+ Bxf6 21. Bd4 Qc7 22. Bxf6 Rxf6 23. Rc1 d5 24. exd5 Bf5 25. Nd4 Qd6 26. Qh6 Rf7 27. Nxf5 gxf5 28. Qxd6 exd6 29. Rh6 Rg7 30. Rxd6 Rxg2 31. Rf6 Kg7 32. Rxf5 Kg6 33. Rf4 a5 34. Rd4 Kf5 35. d6 Ke5 36. Rd3 Rd8 37. d7 Rg7 38. Re1+ Kf5 39. Red1 Re7 40. Kb2 Kf4 41. a3 h5 42. axb4 axb4 43. Rd4+ Kg3 44. Rh1 Rh7 45. Rdh4 Rhxd7 46. R1h3+ Kf2 47. Rxb4 Rc7 48. Rxh5 Rdc8 49. c4 Kxf3 50. Rhb5 Re8 51. Ka3 Ke3 52. c5 Kd3 53. Rc4 Ra8+ 54. Kb4 Ra2 55. c6 1-0

[Event "Girona-ch"]
[Site "Barcelona"]
[Date "2001.11.25"]
[Round "8"]
[White "Tarrus Galter, Narcis"]
[Black "Colomer Camarasa, Jordi"]
[Result "1-0"]
[WhiteElo "2080"]
[BlackElo "2050"]
[PlyCount "85"]
[EventDate "2001.10.07"]
[EventType "swiss"]
[EventRounds "9"]
[EventCountry "ESP"]
[SourceTitle "EXT 2008"]
[Source "ChessBase"]
[SourceDate "2007.11.25"]
[SourceVersion "1"]
[SourceVersionDate "2007.11.25"]
[SourceQuality "1"]

1. d4 d5 2. Bg5 h6 3. Bh4 c6 4. Nf3 Qb6 5. b3 Bf5 6. e3 Nd7 7. Bd3 Bxd3 8. Qxd3 Ngf6 9. 0-0 e6 10. c4 g5 11. Bg3 Ne4 12. Nfd2 Nxg3 13. fxg3 Bg7 14. Nc3 0-0 15. Rac1 Rad8 16. cxd5 cxd5 17. a4 a6 18. b4 Ra8 19. Qb1 Qd6 20. Qb3 Rfc8 21. a5 b5 22. Ne2 Bf8 23. Rb1 Nb8 24. e4 Nc6 25. Qf3 Qd7 26. exd5 exd5 27. Qh5 Nxb4 28. Nf3 Nc6 29. Rbc1 Ra7 30. h4 Qe6 31. Rxc6 Rxc6 32. Ne5 Rc2 33. hxg5 hxg5 34. Qxg5+ Bg7 35. Nf4 Qf6 36. Qg4 Qh6 37. Nxd5 Kh7 38. Qe4+ Kh8 39. Ng4 Qg6 40. Qe8+ Kh7 41. Ngf6+ Kh6 42. Qe3+ Qg5 43. Rf4 1-0

[Event "Girona-ch"]
[Site "Barcelona"]
[Date "2001.11.19"]
[Round "7"]
[White "Colomer Camarasa, Jordi"]
[Black "Franke, KP."]
[Result "1-0"]
[WhiteElo "2050"]
[BlackElo "2000"]
[PlyCount "117"]
[EventDate "2001.10.07"]
[EventType "swiss"]
[EventRounds "9"]
[EventCountry "ESP"]
[SourceTitle "EXT 2008"]
[Source "ChessBase"]
[SourceDate "2007.11.25"]
[SourceVersion "1"]
[SourceVersionDate "2007.11.25"]
[SourceQuality "1"]

1. f4 e5 2. fxe5 d6 3. exd6 Bxd6 4. Nf3 g5 5. g3 b6 6. d4 f6 7. e4 g4 8. Nh4 Ne7 9. Bd3 h5 10. 0-0 Nd7 11. Bf4 Nf8 12. Bxd6 Qxd6 13. c3 Bb7 14. Qe2 0-0-0 15. Ba6 Kb8 16. Bxb7 Kxb7 17. Nd2 Nfg6 18. Nf5 Nxf5 19. exf5 Nf8 20. Rae1 Nh7 21. Qe7 Qc6 22. Qe4 Ng5 23. Qxc6+ Kxc6 24. Re7 h4 25. Kg2 h3+ 26. Kg1 Rde8 27. Rfe1 Rxe7 28. Rxe7 Kd6 29. Re1 Kd5 30. Re7 Kd6 31. Re2 Kd5 32. Kf1 Rh5 33. Rf2 Nf7 34. Rf4 Nd6 35. Rxg4 Nxf5 36. c4+ Kc6 37. Rf4 Ne3+ 38. Ke2 Nc2 39. Rxf6+ Kd7 40. Nf3 Rh7 41. Kd2 Nb4 42. a3 Na6 43. Ne5+ Ke7 44. Rf4 c5 45. d5 Nb8 46. Ng6+ Kd6 47. Rf6+ Kc7 48. d6+ Kb7 49. Ne5 Nd7 50. Nxd7 Rxd7 51. Ke3 Kc6 52. Kf4 b5 53. cxb5+ Kxb5 54. Ke5 Kc6 55. Rf2 a5 56. Rd2 a4 57. Ke6 Rd8 58. d7 Kc7 59. Ke7 1-0

[Event "Girona-ch"]
[Site "Barcelona"]
[Date "2001.10.14"]
[Round "2"]
[White "Ramirez Garcia, Lluis"]
[Black "Colomer Camarasa, Jordi"]
[Result "0-1"]
[WhiteElo "2000"]
[BlackElo "2050"]
[PlyCount "122"]
[EventDate "2001.10.07"]
[EventType "swiss"]
[EventRounds "9"]
[EventCountry "ESP"]
[SourceTitle "EXT 2008"]
[Source "ChessBase"]
[SourceDate "2007.11.25"]
[SourceVersion "1"]
[SourceVersionDate "2007.11.25"]
[SourceQuality "1"]

1. e4 Nf6 2. e5 Nd5 3. d4 d6 4. Nf3 g6 5. Bc4 Nb6 6. Bb3 Bg7 7. 0-0 0-0 8. Be3 Nc6 9. exd6 Qxd6 10. c3 Bf5 11. Na3 a6 12. Nc4 Nxc4 13. Bxc4 b5 14. Be2 b4 15. cxb4 Nxb4 16. Qd2 Nd5 17. Bh6 Rab8 18. Bxg7 Kxg7 19. Rac1 Qb6 20. Rc5 Nf6 21. Qc1 Qxb2 22. Qxb2 Rxb2 23. Bxa6 Rxa2 24. Bc4 Ra7 25. Ne5 Nd7 26. Nxd7 Bxd7 27. Re1 e6 28. h3 Rfa8 29. d5 Ra1 30. Rxa1 Rxa1+ 31. Bf1 exd5 32. Rxd5 Bc6 33. Rc5 Be4 34. Rc3 c5 35. f3 Bb7 36. Kf2 Ra5 37. Ke3 Bd5 38. Bc4 Bxc4 39. Rxc4 f5 40. g4 Kf6 41. h4 h6 42. gxf5 gxf5 43. Kf4 Rb5 44. Kg3 Ke5 45. Ra4 Rb6 46. Ra8 Rc6 47. Re8+ Kf6 48. Kf4 c4 49. Rf8+ Ke7 50. Rxf5 c3 51. Re5+ Kf6 52. Re1 c2 53. Rc1 Kg6 54. Ke3 Kh5 55. Kd2 Kxh4 56. f4 Kg4 57. f5 Kxf5 58. Rxc2 Rxc2+ 59. Kxc2 Kf4 60. Kd1 Kf3 61. Ke1 Kg2 0-1